00942nam a2200217Ia 4500003000900000008004100009020001800050040001600068080002200084111009100106245020500197260004800402300001300450650004100463650003100504650003600535700003200571942000700603999001500610952009900625IN-BaIIA211028s9999 xx 000 0 eng d a0-521-36432-9 cIIA Library a524.7(082.1)bDYN aWorkshop on Dynamics of Dense Stellar SystemscToronto, Ontariod1988 May 27-28916276 0aDynamics of dense stellar systemsbproceedings of a workshop on dynamics of dense stellar systems, held in Toronto, Ontario, May 27-28, 1988cedited by David Merritt  aCambridgebCambridge University Pressc1989 ax, 251p. aAstronomy and astrophysics thesaurus aExtragalactic system95594 aStellar systems dynamics916277 aMerritt, David., ed.916278 cBK c9648d9648 00104070aBANbBANcGENd0000-00-00l0o524.7(082.1)/ DYNp10558r2021-11-05w0000-00-00yBK